| 000 | 01397nam a2200385 a 4500 | ||
|---|---|---|---|
| 001 | 20654 | ||
| 003 | VRT | ||
| 005 | 20260128145658.0 | ||
| 008 | 060905s2006 xo ab d n 000 1 slo d | ||
| 020 | _a8055111596 (brož.) | ||
| 035 | _aa000358663 | ||
| 039 | 9 |
_a201703171410 _badm _c200701291040 _dmuro _c200701231345 _dzofia _c200701101622 _dlida |
|
| 040 |
_aUKB _bslo _cUKB _eAACR2 |
||
| 041 | 1 |
_aslo _heng |
|
| 044 |
_axo _cSK |
||
| 072 | 7 |
_a821.111-2 _xAnglická dráma, anglicky písaná _2konspekt |
|
| 080 |
_a821.111-2 _21997 |
||
| 080 |
_a(0:82-2) _21997 |
||
| 100 | 1 |
_aShakespeare, William, _d1564-1616 |
|
| 245 | 1 | 0 |
_aAntonius a Kleopatra _cWilliam Shakespeare ; [z anglického originálu preložil a sprievodné texty napísal Ľubomír Feldek] |
| 260 |
_aBratislava _bIkar _c2006 |
||
| 300 |
_a181 s. _bil., mp |
||
| 504 | _aBibliogr. skrytá | ||
| 653 | _a821.111-2 | ||
| 653 | _a(0:82-2) | ||
| 655 | 7 |
_aanglické drámy _2UKBPH |
|
| 700 | 1 |
_aFeldek, Ľubomír, _d1936- _4trl _4aft |
|
| 765 | 0 |
_tAntony and Cleopatra. Slovensky _aShakespeare, William, 1564-1616 |
|
| 856 | 4 |
_zúplný text (iba v priestoroch knižnice) _uhttp://digitalna.kniznica.info/s/XEMMmhGgcH |
|
| 910 | _aukb | ||
| 942 |
_2ddc _cKLDO _n0 |
||
| 949 |
_61800313997 _aSL.D.59979 _bPV.6381-2006 |
||
| 949 |
_61800313998 _aSK.D.28967 _bPV.6382-2006 _s6707:20070208 |
||
| 949 |
_61800314610 _a33.D.00591 _bKD.919-2006 |
||
| 999 |
_c20654 _d20654 |
||